000 006590000a22001810004500
090 _aAR
_b01072
245 1 0 _aScorpions (<Chelicerata>) de Colombie: IV. Biogéographie et diversité biologique des scorpions de Colombie, avec des commentaires sur les refuges quaternaires
650 1 4 _aBiogeografía
_992747
650 1 4 _aEscorpiones
_992746
650 1 4 _aEvolución
_992797
651 4 _dChocó
_pColombia
_992749
651 4 _mSanta Marta
_dMagdalena
_pColombia
_992749
041 0 _aFrancés
700 1 _aFlórez Daza, Eduardo
_97310
100 1 _aLourenco, Wilson R.
_992750
942 _cARTICULO
773 1 _tC. R. Soc. Biogeogr.
_3391
_h2
_q65-74
_d1990
_g66
999 _c10160
_d10160